000
00238nmm a2200085Ia 4500
008
220120s9999||||xx |||||||||||||||||und||
100
_a
Linux for you
245
0
_a
Bodhilinux-2.4.0; free BSD 9.2, VYATTA OS, open filter 2.99,
260
_c
2013
999
_c
139878
_d
139878